000 00645nam a22002537a 4500
003 UA-OsUOA
001 31582
007 ta
008 20041224b un ||||| |||| 00| 0 ukr d
100 _aКеглер Т.
090 _a04.738.5:339.13+659.1
_bК33
942 _cBK
040 _aUA-OsUOA
_brus
_cUA-OsUOA
_dUA-OsUOA
245 _aРеклама и маркетинг в Интернете
300 _a640 с.
955 _a0
041 _arus
080 _a04.738.5:339.13+659.1
020 _a5-94599-045-0
260 _aМосква
_bАльпина Паблишер
_c2003
044 _aRU
650 7 _2UDC
999 _c318011
_d318011